[Event "GBR-ch109 Over 65"]
[Site "Leicester"]
[Date "2023.07.28"]
[Round "5.10"]
[White "Burgess, Ray J"]
[Black "Fryer, David William"]
[Result "0-1"]
[WhiteElo "1924"]
[BlackElo "1880"]
[PlyCount "44"]
[EventDate "2023.07.24"]
[EventType "swiss"]
[EventRounds "7"]
[EventCountry "GBR"]
[SourceTitle "BritBase"]
[Source "John Saunders"]
[SourceDate "2025.01.31"]
[SourceVersion "1"]
[SourceVersionDate "2025.01.31"]
[SourceQuality "1"]

1. d4 Nf6 2. Nf3 d5 3. Bf4 c5 4. e3 Qb6 5. Qc1 Nc6 6. c3 Bf5 7. h3 h6 8. Nbd2 cxd4 9. exd4 e6 10. Be2 Be7 11. O-O Rc8 12. Nb3 O-O 13. Bd1 Rfe8 14. Bc2 Ne4 15. Nfd2 Nxd2 16. Qxd2 Bxc2 17. Qxc2 Nxd4 18. Nxd4 Qxd4 19. Be3 Qc4 20. Bxa7 d4 21. Rfd1 e5 22. Qb3 Qa6 0-1

[Event "GBR-ch109 Over 65"]
[Site "Leicester"]
[Date "2023.07.28"]
[Round "5.11"]
[White "Binks, Michael E"]
[Black "Goodwin, Ed H"]
[Result "1-0"]
[WhiteElo "2140"]
[BlackElo "1824"]
[PlyCount "81"]
[EventDate "2023.07.24"]
[EventType "swiss"]
[EventRounds "7"]
[EventCountry "GBR"]
[SourceTitle "BritBase"]
[Source "John Saunders"]
[SourceDate "2025.01.31"]
[SourceVersion "1"]
[SourceVersionDate "2025.01.31"]
[SourceQuality "1"]

1. d4 e6 2. c4 f5 3. Nc3 Nf6 4. e3 c6 5. Bd3 d5 6. Nge2 Bd6 7. Qc2 Ne4 8. g3 O-O 9. f3 Ng5 10. Rf1 Na6 11. a3 dxc4 12. Bxc4 b5 13. Bb3 b4 14. Na4 Qe8 15. e4 Nf7 16. e5 Bc7 17. Bd2 bxa3 18. bxa3 Rb8 19. Bc4 Qd7 20. f4 Bb6 21. Rb1 Bxd4 22. Rxb8 Nxb8 23. Bxe6 Qxe6 24. Nxd4 Qd5 25. Be3 c5 26. Nxc5 Nc6 27. Nxc6 Qxc6 28. Qb3 Re8 29. Kf2 Kf8 30. Qa4 Qd5 31. Qxa7 Nd8 32. Qa4 Ne6 33. Qb3 Qc6 34. Rc1 g6 35. a4 Kg7 36. Nxe6+ Qxe6 37. Qxe6 Bxe6 38. Rc7+ Kh6 39. a5 Bc8 40. Bc5 Rd8 41. Be7 1-0

[Event "GBR-ch109 Over 65"]
[Site "Leicester"]
[Date "2023.07.28"]
[Round "5.12"]
[White "Collinson, Mark I"]
[Black "Bhopal, Rajinder S"]
[Result "0-1"]
[WhiteElo "1865"]
[BlackElo "2021"]
[PlyCount "74"]
[EventDate "2023.07.24"]
[EventType "swiss"]
[EventRounds "7"]
[EventCountry "GBR"]
[SourceTitle "BritBase"]
[Source "John Saunders"]
[SourceDate "2025.01.31"]
[SourceVersion "1"]
[SourceVersionDate "2025.01.31"]
[SourceQuality "1"]

1. d4 f5 2. Nf3 Nf6 3. h3 d6 4. Nc3 g6 5. Bg5 Bg7 6. g4 Ne4 7. Qd3 Nxc3 8. bxc3 d5 9. Bg2 Qd6 10. e3 Nc6 11. Bf4 Qd8 12. c4 e6 13. O-O fxg4 14. hxg4 O-O 15. g5 Na5 16. Nd2 c5 17. Rad1 cxd4 18. cxd5 exd5 19. Nb3 Nc4 20. Nxd4 Nb2 21. Qb3 Nxd1 22. Bxd5+ Kh8 23. Rxd1 Qb6 24. Qxb6 axb6 25. Nb5 Ra5 26. Nd6 Rxd5 27. Rxd5 Be6 28. Rb5 Bxa2 29. Rxb6 Bd5 30. f3 Rxf4 31. Rxb7 Bxb7 32. exf4 Bxf3 33. Kf2 Bd1 34. Ke3 Bxc2 35. f5 Bf8 36. Nb5 Bc5+ 37. Kf4 gxf5 0-1

[Event "GBR-ch109 Over 65"]
[Site "Leicester"]
[Date "2023.07.28"]
[Round "5.13"]
[White "Ingham, H William"]
[Black "Moore, Geoffrey R"]
[Result "0-1"]
[WhiteElo "1833"]
[BlackElo "1994"]
[PlyCount "54"]
[EventDate "2023.07.24"]
[EventType "swiss"]
[EventRounds "7"]
[EventCountry "GBR"]
[SourceTitle "BritBase"]
[Source "John Saunders"]
[SourceDate "2025.01.31"]
[SourceVersion "1"]
[SourceVersionDate "2025.01.31"]
[SourceQuality "1"]

1. d4 d5 2. e3 Nf6 3. Nf3 c5 4. dxc5 e6 5. b4 a5 6. c3 axb4 7. cxb4 b6 8. Bb5+ Bd7 9. Bxd7+ Qxd7 10. a4 bxc5 11. b5 Be7 12. Bb2 O-O 13. Nbd2 Qc7 14. Qc2 Nbd7 15. O-O c4 16. Bc3 Rfb8 17. Rfb1 Nc5 18. a5 Nd3 19. b6 Qb7 20. Ne5 Nc5 21. Bb4 Ne8 22. Bxc5 Bxc5 23. Qa4 c3 24. Ndf3 Bxb6 25. Nd7 Rxa5 26. Rxb6 Rxa4 27. Rxa4 Qxd7 0-1

[Event "GBR-ch109 Over 65"]
[Site "Leicester"]
[Date "2023.07.28"]
[Round "5.14"]
[White "Ramage, Colin R"]
[Black "Campbell, Ian"]
[Result "1/2-1/2"]
[WhiteElo "1802"]
[BlackElo "1952"]
[PlyCount "54"]
[EventDate "2023.07.24"]
[EventType "swiss"]
[EventRounds "7"]
[EventCountry "GBR"]
[SourceTitle "BritBase"]
[Source "John Saunders"]
[SourceDate "2025.01.31"]
[SourceVersion "1"]
[SourceVersionDate "2025.01.31"]
[SourceQuality "1"]

1. e4 g6 2. d4 Bg7 3. Nf3 d6 4. Bc4 e6 5. O-O Ne7 6. Nc3 a6 7. Bg5 h6 8. Be3 Nd7 9. Qd2 b5 10. Be2 Bb7 11. a3 Nf6 12. e5 Nfd5 13. Nxd5 Nxd5 14. c4 bxc4 15. Bxc4 Nxe3 16. Qxe3 O-O 17. Rfd1 Qe7 18. Rac1 Rfd8 19. b4 a5 20. b5 Bxf3 21. Qxf3 dxe5 22. d5 exd5 23. Bxd5 Rab8 24. a4 Rd7 25. Bc6 Rxd1+ 26. Rxd1 Rd8 27. g3 Rd4 1/2-1/2

[Event "GBR-ch109 Over 65"]
[Site "Leicester"]
[Date "2023.07.28"]
[Round "5.16"]
[White "Reuben, Stewart"]
[Black "Willoughby, Robert H"]
[Result "1-0"]
[WhiteElo "1901"]
[BlackElo "1564"]
[PlyCount "63"]
[EventDate "2023.07.24"]
[EventType "swiss"]
[EventRounds "7"]
[EventCountry "GBR"]
[SourceTitle "BritBase"]
[Source "John Saunders"]
[SourceDate "2025.01.31"]
[SourceVersion "1"]
[SourceVersionDate "2025.01.31"]
[SourceQuality "1"]

1. d4 Nf6 2. c4 d5 3. cxd5 Nxd5 4. e4 Nf6 5. Nc3 e6 6. Nf3 Be7 7. Be3 c6 8. Bd3 Nbd7 9. Qc2 g6 10. O-O-O b5 11. d5 exd5 12. exd5 b4 13. dxc6 bxc3 14. cxd7+ Bxd7 15. Qxc3 Rc8 16. Bc4 O-O 17. b3 Qc7 18. Bh6 Bf5 19. Kb2 Qc5 20. Qe5 Qa3+ 21. Ka1 Rfe8 22. Rhe1 Rxc4 23. bxc4 Be6 24. Re3 Qa4 25. Rc1 Bxc4 26. Qb2 Be6 27. Nd4 Nd5 28. Rf3 Bg4 29. Nc6 Bf8 30. Bxf8 Rxf8 31. Rd3 Be6 32. Rxd5 1-0

[Event "GBR-ch109 Over 65"]
[Site "Leicester"]
[Date "2023.07.28"]
[Round "5.18"]
[White "Fallowfield, Nicholas"]
[Black "Morley, Andrew J"]
[Result "0-1"]
[WhiteElo "1875"]
[BlackElo "2089"]
[PlyCount "70"]
[EventDate "2023.07.24"]
[EventType "swiss"]
[EventRounds "7"]
[EventCountry "GBR"]
[SourceTitle "BritBase"]
[Source "John Saunders"]
[SourceDate "2025.01.31"]
[SourceVersion "1"]
[SourceVersionDate "2025.01.31"]
[SourceQuality "1"]

1. Nf3 b6 2. e4 Bb7 3. Nc3 e6 4. d4 d6 5. Bd3 g6 6. O-O Bg7 7. Bg5 Ne7 8. Re1 Nd7 9. a4 h6 10. Be3 g5 11. a5 Nf6 12. a6 Bc6 13. Bb5 Bxb5 14. Nxb5 Nxe4 15. d5 Nxd5 16. Bxb6 Nxb6 17. Rxe4 Qd7 18. Rb4 O-O 19. h4 g4 20. Nh2 c5 21. Rxg4 Qxb5 22. Qxd6 Qxb2 23. Ra5 Rfd8 24. Qf4 Rd4 25. Rxg7+ Kxg7 26. Qg3+ Kh7 27. Ng4 Qc1+ 28. Kh2 Qf4 29. f3 Qxg3+ 30. Kxg3 Rc4 31. Ne5 Rg8+ 32. Kh3 Rxc2 33. g4 f5 34. Nc6 fxg4+ 35. fxg4 Rc3+ 0-1

[Event "GBR-ch109 Over 65"]
[Site "Leicester"]
[Date "2023.07.28"]
[Round "5.20"]
[White "Erdogan, Hassan"]
[Black "Dennis, Nigel W"]
[Result "0-1"]
[WhiteElo "1829"]
[BlackElo "1803"]
[PlyCount "74"]
[EventDate "2023.07.24"]
[EventType "swiss"]
[EventRounds "7"]
[EventCountry "GBR"]
[SourceTitle "BritBase"]
[Source "John Saunders"]
[SourceDate "2025.01.31"]
[SourceVersion "1"]
[SourceVersionDate "2025.01.31"]
[SourceQuality "1"]

1. d4 Nf6 2. Nf3 g6 3. e3 Bg7 4. Bd3 O-O 5. Nbd2 b6 6. O-O Bb7 7. b3 d6 8. Bb2 Nbd7 9. c4 c5 10. Qc2 e6 11. Rfe1 d5 12. Rad1 Qe7 13. h3 Rfd8 14. Bc3 Rac8 15. Qb1 Bc6 16. Ne5 Nxe5 17. dxe5 Nd7 18. Qb2 Nf8 19. Be2 Qb7 20. Bf3 a6 21. b4 cxb4 22. Bxb4 dxc4 23. Bd6 Rxd6 24. Nxc4 Rxd1 25. Rxd1 Bxf3 26. Nd6 Qd7 27. gxf3 Rc6 28. Qd4 Qc7 29. Rd2 Rc5 30. f4 Rd5 31. Qb2 Rxd2 32. Qxd2 Qc6 33. Qd4 Nd7 34. a4 Nc5 35. a5 bxa5 36. Qd1 Bf8 37. Nc4 Qd5 0-1

[Event "GBR-ch109 Over 65"]
[Site "Leicester"]
[Date "2023.07.28"]
[Round "5.21"]
[White "Phillips, William"]
[Black "Carpenter, David J"]
[Result "1-0"]
[WhiteElo "1808"]
[BlackElo "1485"]
[PlyCount "69"]
[EventDate "2023.07.24"]
[EventType "swiss"]
[EventRounds "7"]
[EventCountry "GBR"]
[SourceTitle "BritBase"]
[Source "John Saunders"]
[SourceDate "2025.01.31"]
[SourceVersion "1"]
[SourceVersionDate "2025.01.31"]
[SourceQuality "1"]

1. d4 g6 2. e4 Bg7 3. Nf3 d6 4. Be2 a6 5. O-O b5 6. Re1 Bb7 7. Bd3 Nd7 8. Nbd2 c5 9. e5 dxe5 10. dxe5 e6 11. Be4 Bxe4 12. Nxe4 Bf8 13. Bg5 Qc7 14. Nd6+ Bxd6 15. exd6 Qc6 16. Qd2 h6 17. Bf4 O-O-O 18. Rad1 g5 19. Qc3 f6 20. Nd4 Qb6 21. Bg3 e5 22. Nf5 h5 23. f3 Nh6 24. Ne7+ Kb7 25. Bf2 Nf7 26. b4 Nxd6 27. bxc5 Qc7 28. Rxd6 Nxc5 29. Bxc5 Rxd6 30. Qb4 Rd7 31. a4 Rh7 32. axb5 Rhxe7 33. bxa6+ Kc8 34. Ra1 Qb8 35. Bxe7 1-0

[Event "GBR-ch109 Over 65"]
[Site "Leicester"]
[Date "2023.07.28"]
[Round "5.22"]
[White "Gunn, Michael J"]
[Black "Graham, Neil"]
[Result "0-1"]
[WhiteElo "1606"]
[BlackElo "1764"]
[PlyCount "106"]
[EventDate "2023.07.24"]
[EventType "swiss"]
[EventRounds "7"]
[EventCountry "GBR"]
[SourceTitle "BritBase"]
[Source "John Saunders"]
[SourceDate "2025.01.31"]
[SourceVersion "1"]
[SourceVersionDate "2025.01.31"]
[SourceQuality "1"]

1. e4 e5 2. Nf3 Nf6 3. d4 Nxe4 4. Bd3 d5 5. dxe5 Nc5 6. Be2 Be7 7. O-O Bf5 8. Nd4 Bd7 9. f4 Nc6 10. Be3 Nxd4 11. Bxd4 Ne6 12. Be3 c6 13. Nc3 Qa5 14. a3 Bc5 15. Bxc5 Qxc5+ 16. Kh1 O-O-O 17. Qd2 Qd4 18. Rad1 Qxd2 19. Rxd2 Rdf8 20. f5 Nc7 21. b4 g6 22. Bd3 gxf5 23. Bxf5 Bxf5 24. Rxf5 Rhg8 25. Rdf2 Rg7 26. Ne2 Kd7 27. Rf6 Ne8 28. R6f5 h6 29. Nd4 Nc7 30. Rf6 Rh7 31. Rd6+ Kc8 32. e6 Re8 33. h3 Nxe6 34. Nxe6 Rxe6 35. Rxe6 fxe6 36. Rf6 Kd7 37. Rf8 a6 38. Rb8 Kc7 39. Re8 Kd6 40. Kg1 Ke5 41. Kf2 d4 42. Rf8 c5 43. Rc8 cxb4 44. axb4 Ke4 45. Ke2 e5 46. Rf8 Rc7 47. Kd2 Rc4 48. Rh8 Rxb4 49. Rxh6 a5 50. g4 a4 51. g5 a3 52. Rf6 a2 53. g6 a1=Q 0-1

[Event "GBR-ch109 Over 65"]
[Site "Leicester"]
[Date "2023.07.28"]
[Round "5.23"]
[White "Tidmarsh, David A"]
[Black "Collins, Nigel"]
[Result "1/2-1/2"]
[WhiteElo "1761"]
[BlackElo "1458"]
[PlyCount "30"]
[EventDate "2023.07.24"]
[EventType "swiss"]
[EventRounds "7"]
[EventCountry "GBR"]
[SourceTitle "BritBase"]
[Source "John Saunders"]
[SourceDate "2025.01.31"]
[SourceVersion "1"]
[SourceVersionDate "2025.01.31"]
[SourceQuality "1"]

1. e4 c5 2. Nf3 d6 3. d4 cxd4 4. Nxd4 Nf6 5. Nc3 a6 6. Be3 e5 7. Nb3 Be7 8. f3 Qc7 9. Qd2 Be6 10. Be2 Nbd7 11. O-O O-O 12. f4 exf4 13. Bxf4 Ne5 14. Nd5 Bxd5 15. exd5 Ne4 1/2-1/2

[Event "GBR-ch109 Over 65"]
[Site "Leicester"]
[Date "2023.07.28"]
[Round "5.24"]
[White "Scowen, Roger S"]
[Black "Dhillon, Tarsem"]
[Result "0-1"]
[WhiteElo "1831"]
[BlackElo "1609"]
[PlyCount "70"]
[EventDate "2023.07.24"]
[EventType "swiss"]
[EventRounds "7"]
[EventCountry "GBR"]
[SourceTitle "BritBase"]
[Source "John Saunders"]
[SourceDate "2025.01.31"]
[SourceVersion "1"]
[SourceVersionDate "2025.01.31"]
[SourceQuality "1"]

1. e4 e5 2. Nf3 Nc6 3. Bb5 Nf6 4. d3 d6 5. h3 Be7 6. c4 O-O 7. O-O Ne8 8. Nc3 f5 9. Nd5 Be6 10. Nxe7+ Qxe7 11. Ng5 f4 12. Nxe6 Qxe6 13. c5 Qg6 14. Bxc6 bxc6 15. Kh2 Nf6 16. Qb3+ Kh8 17. Qe6 Rae8 18. Qf5 Qh6 19. g3 g6 20. Bxf4 exf4 21. Qxf4 Qxf4 22. gxf4 Nh5 23. cxd6 cxd6 24. Rac1 Rc8 25. f5 gxf5 26. e5 dxe5 27. Rc5 Nf4 28. Rxe5 Nxd3 29. Re7 Rce8 30. Rxa7 Re2 31. Kg3 Rxb2 32. Rd1 Rg8+ 33. Kh4 Rb4+ 34. Kh5 Nf4+ 35. Kh6 Rg6# 0-1

[Event "GBR-ch109 Over 65"]
[Site "Leicester"]
[Date "2023.07.29"]
[Round "6.1"]
[White "Punnett, Alan Kenneth"]
[Black "Chapman, Terry PD"]
[Result "1-0"]
[WhiteElo "2051"]
[BlackElo "2248"]
[PlyCount "97"]
[EventDate "2023.07.24"]
[EventType "swiss"]
[EventRounds "7"]
[EventCountry "GBR"]
[SourceTitle "BritBase"]
[Source "John Saunders"]
[SourceDate "2025.01.31"]
[SourceVersion "1"]
[SourceVersionDate "2025.01.31"]
[SourceQuality "1"]

1. e4 c6 2. d4 d5 3. Nc3 dxe4 4. Nxe4 Nf6 5. Nxf6+ exf6 6. Be3 Bd6 7. Bd3 Nd7 8. Ne2 O-O 9. Ng3 Re8 10. Nf5 Nf8 11. Nxd6 Qxd6 12. O-O a5 13. c4 Be6 14. Qc2 Red8 15. Rfd1 Qc7 16. Rac1 g6 17. Qe2 Qe7 18. Qf3 h5 19. h3 Rd6 20. d5 cxd5 21. Bc5 Rad8 22. Bxd6 Rxd6 23. Re1 d4 24. Be4 Rb6 25. b3 Nd7 26. Qd3 Qa3 27. Qxd4 Qxa2 28. Bd5 Rd6 29. Qc3 Nc5 30. Bxe6 Rxe6 31. Rxe6 Nxe6 32. Ra1 Qe2 33. Qxf6 Qd2 34. Qe5 b6 35. Qb8+ Qd8 36. Qxd8+ Nxd8 37. Rd1 Nb7 38. Rd7 Nc5 39. Rd6 Nxb3 40. Rxb6 a4 41. Ra6 Nc5 42. Ra5 Ne6 43. Rxa4 Kg7 44. Kf1 Kf6 45. Ke2 Ke5 46. Ke3 f5 47. Ra5+ Kd6 48. Ra6+ Ke5 49. Rxe6+ 1-0

[Event "GBR-ch109 Over 65"]
[Site "Leicester"]
[Date "2023.07.29"]
[Round "6.2"]
[White "Myall, Ivan J"]
[Black "Jackson, Sheila"]
[Result "0-1"]
[WhiteElo "1927"]
[BlackElo "2039"]
[PlyCount "108"]
[EventDate "2023.07.24"]
[EventType "swiss"]
[EventRounds "7"]
[EventCountry "GBR"]
[SourceTitle "BritBase"]
[Source "John Saunders"]
[SourceDate "2025.01.31"]
[SourceVersion "1"]
[SourceVersionDate "2025.01.31"]
[SourceQuality "1"]

1. d4 c5 2. d5 Nf6 3. Nc3 d6 4. e4 g6 5. f4 Bg7 6. Nf3 O-O 7. Be2 e6 8. O-O exd5 9. exd5 a6 10. a4 b6 11. Ng5 Re8 12. Bf3 Ra7 13. Nge4 Nxe4 14. Nxe4 Rae7 15. Ng3 f5 16. c3 b5 17. Qc2 Nd7 18. axb5 axb5 19. b3 Nb6 20. Bb2 Bb7 21. Rfd1 Qd7 22. Nf1 c4 23. b4 Na4 24. Rab1 Nxb2 25. Qxb2 Qc7 26. Rbc1 Bf6 27. g3 Qb6+ 28. Qf2 Qxf2+ 29. Kxf2 Ra8 30. Rc2 Ra3 31. Rdc1 Bc8 32. Nd2 Kf7 33. Nb1 Ra1 34. Nd2 Rea7 35. Ke2 Bd7 36. Nb1 R7a2 37. Nd2 Rxc1 38. Rxc1 Bd8 39. Kd1 Bb6 40. Rc2 Ra1+ 41. Rc1 Ra3 42. Nf1 h6 43. Rc2 Kf6 44. Kd2 Be8 45. Bg2 Bf7 46. Ne3 Ra1 47. Bf3 g5 48. fxg5+ hxg5 49. g4 f4 50. Nf5 Ke5 51. Ne7 Be3+ 52. Ke2 Kf6 53. Nf5 Bg6 54. Nxe3 Bd3+ 0-1

[Event "GBR-ch109 Over 65"]
[Site "Leicester"]
[Date "2023.07.29"]
[Round "6.3"]
[White "Orton, Stephen LA"]
[Black "De Coverly, Roger D"]
[Result "1-0"]
[WhiteElo "2133"]
[BlackElo "1955"]
[PlyCount "127"]
[EventDate "2023.07.24"]
[EventType "swiss"]
[EventRounds "7"]
[EventCountry "GBR"]
[SourceTitle "BritBase"]
[Source "John Saunders"]
[SourceDate "2025.01.31"]
[SourceVersion "1"]
[SourceVersionDate "2025.01.31"]
[SourceQuality "1"]

1. e4 c5 2. Nf3 a6 3. c4 e6 4. Nc3 Nc6 5. d4 cxd4 6. Nxd4 Qc7 7. Be2 Nf6 8. O-O Be7 9. Be3 d6 10. Rc1 Nxd4 11. Bxd4 Bd7 12. f4 Bc6 13. Bf3 O-O 14. Qb3 Rac8 15. Rfd1 Nd7 16. Nd5 exd5 17. exd5 Bf6 18. Bxf6 Nxf6 19. dxc6 bxc6 20. Qc3 Rfd8 21. Qd4 Qa5 22. Rd3 c5 23. Qf2 Rb8 24. Ra3 Qb6 25. g4 h6 26. g5 hxg5 27. fxg5 Nd7 28. Bd5 Ne5 29. g6 Qxb2 30. Qxb2 Rxb2 31. gxf7+ Kh7 32. Rf1 Rf8 33. Rxa6 g6 34. a4 Ra2 35. Rf6 Ra1+ 36. Kg2 Ng4 37. Rfxd6 Ne3+ 38. Kh3 Nxd5 39. cxd5 Ra3+ 40. Kg4 Rxf7 41. Rxg6 Rxa4+ 42. Rxa4 Kxg6 43. Ra6+ Kg7 44. Rc6 Rf2 45. h4 Rc2 46. Kf5 Kf7 47. Rc7+ Ke8 48. Ke6 Re2+ 49. Kd6 Rh2 50. Rc8+ Kf7 51. Rxc5 Rxh4 52. Rc7+ Ke8 53. Rc8+ Kf7 54. Kd7 Rf4 55. Rc1 Kf8 56. d6 Rf7+ 57. Kd8 Ra7 58. Rf1+ Kg7 59. d7 Ra2 60. Rf4 Rc2 61. Ke7 Re2+ 62. Kd6 Rd2+ 63. Ke6 Re2+ 64. Kd5 1-0

[Event "GBR-ch109 Over 65"]
[Site "Leicester"]
[Date "2023.07.29"]
[Round "6.4"]
[White "Harding, Timothy David"]
[Black "Hutchinson, Paul A"]
[Result "0-1"]
[WhiteElo "1928"]
[BlackElo "1996"]
[PlyCount "88"]
[EventDate "2023.07.24"]
[EventType "swiss"]
[EventRounds "7"]
[EventCountry "GBR"]
[SourceTitle "BritBase"]
[Source "John Saunders"]
[SourceDate "2025.01.31"]
[SourceVersion "1"]
[SourceVersionDate "2025.01.31"]
[SourceQuality "1"]

1. d4 d5 2. Nf3 Nf6 3. c4 e6 4. Nc3 Be7 5. Bf4 c6 6. e3 Nbd7 7. h3 O-O 8. Rc1 Qa5 9. Nd2 Ne8 10. Bd3 Bd6 11. Bxd6 Nxd6 12. cxd5 exd5 13. O-O Nf6 14. Qc2 g6 15. a3 Bf5 16. Bxf5 Nxf5 17. Nb3 Qd8 18. Nc5 Nd6 19. Rcd1 Qe7 20. Rfe1 Rae8 21. Re2 Nfe4 22. Nd3 Qd8 23. Ree1 Re7 24. f3 Nxc3 25. Qxc3 Rfe8 26. Ne5 f6 27. Ng4 Kf7 28. Nh2 Re6 29. Re2 R8e7 30. Rd3 Qe8 31. Qe1 Kg7 32. b3 h5 33. Nf1 g5 34. h4 Qg6 35. Rdd2 f5 36. Qg3 g4 37. Rb2 Qf6 38. Qf4 Qxh4 39. Ng3 Kg6 40. Rf2 Qg5 41. Qxg5+ Kxg5 42. Nf1 g3 43. Nxg3 Rxe3 44. Rfe2 Nb5 0-1

[Event "GBR-ch109 Over 65"]
[Site "Leicester"]
[Date "2023.07.29"]
[Round "6.5"]
[White "Hutchinson, Norman A"]
[Black "Bray, David J"]
[Result "0-1"]
[WhiteElo "1982"]
[BlackElo "1975"]
[PlyCount "136"]
[EventDate "2023.07.24"]
[EventType "swiss"]
[EventRounds "7"]
[EventCountry "GBR"]
[SourceTitle "BritBase"]
[Source "John Saunders"]
[SourceDate "2025.01.31"]
[SourceVersion "1"]
[SourceVersionDate "2025.01.31"]
[SourceQuality "1"]

1. e4 c5 2. c3 Nf6 3. e5 Nd5 4. Bc4 Nb6 5. Bb3 d5 6. exd6 Qxd6 7. a4 Nc6 8. Nf3 c4 9. Bc2 Bg4 10. d4 cxd3 11. Qxd3 Qxd3 12. Bxd3 Bxf3 13. gxf3 e6 14. Rg1 O-O-O 15. Be2 g6 16. Rg4 Bg7 17. a5 Nd5 18. Rc4 Kb8 19. Bg5 Rd7 20. Rc5 Bf8 21. Rb5 Bd6 22. h3 f6 23. Bd2 Rhd8 24. Ra4 g5 25. a6 b6 26. Rb3 Bf4 27. Bb5 Rd6 28. Bxc6 Rxc6 29. Rd4 Rcd6 30. c4 Bxd2+ 31. Nxd2 Nc7 32. Rxd6 Rxd6 33. Ne4 Rc6 34. c5 e5 35. cxb6 axb6 36. Rc3 Rxc3 37. bxc3 Ne8 38. c4 Ka7 39. c5 Kxa6 40. cxb6 Kxb6 41. Kf1 h6 42. Kg2 Kc6 43. h4 f5 44. Ng3 Ng7 45. hxg5 hxg5 46. Nf1 Kd5 47. Ne3+ Kd4 48. Kf1 f4 49. Ng4 Nf5 50. Nf6 Nd6 51. Nh7 Nf7 52. Nf6 Nh6 53. Ke1 Nf7 54. Ke2 Kc5 55. Kd3 Kd6 56. Ne4+ Ke6 57. Ke2 Kf5 58. Nd2 g4 59. Nf1 gxf3+ 60. Kxf3 e4+ 61. Ke2 Ne5 62. Nd2 f3+ 63. Kf1 Kf4 64. Kg1 Ng4 65. Kf1 Nxf2 66. Kxf2 e3+ 67. Ke1 exd2+ 68. Kxd2 Kg3 0-1

[Event "GBR-ch109 Over 65"]
[Site "Leicester"]
[Date "2023.07.29"]
[Round "6.6"]
[White "Fryer, David William"]
[Black "Moore, John C"]
[Result "1-0"]
[WhiteElo "1880"]
[BlackElo "1886"]
[PlyCount "120"]
[EventDate "2023.07.24"]
[EventType "swiss"]
[EventRounds "7"]
[EventCountry "GBR"]
[SourceTitle "BritBase"]
[Source "John Saunders"]
[SourceDate "2025.01.31"]
[SourceVersion "1"]
[SourceVersionDate "2025.01.31"]
[SourceQuality "1"]

1. e4 e5 2. Nf3 Nc6 3. Bc4 Bc5 4. c3 Nf6 5. d4 exd4 6. e5 d5 7. Bb5 Ne4 8. cxd4 Bb4+ 9. Nbd2 O-O 10. O-O Bg4 11. Qa4 Bxd2 12. Nxd2 Nxd2 13. Bxd2 Bd7 14. f4 a6 15. Bxc6 Bxc6 16. Qc2 f5 17. Rae1 Bb5 18. Rf3 g6 19. Rh3 Rc8 20. a4 Bc6 21. Ree3 Qe8 22. b3 Qe6 23. Rh6 Rf7 24. Reh3 Be8 25. Be1 b6 26. Qf2 c5 27. Qh4 Rcc7 28. dxc5 bxc5 29. Ba5 Rcd7 30. Bd8 d4 31. Bf6 Rxf6 32. Rxh7 Rxh7 33. Qxh7+ Kf8 34. Qh8+ Ke7 35. Qxf6+ Qxf6 36. exf6+ Kxf6 37. Kf2 Bc6 38. Rg3 Be4 39. Ke2 Bc2 40. Kd2 Be4 41. h4 Kf7 42. a5 Bc6 43. Rg5 Be4 44. g4 fxg4 45. Rxg4 Ke6 46. Rg5 Bf5 47. h5 gxh5 48. Rxh5 Kf6 49. Kc1 Kg6 50. Rg5+ Kf6 51. Kb2 Ke6 52. Rh5 Kf6 53. Rh8 Bd3 54. Rc8 Kf5 55. Rxc5+ Kxf4 56. Kc1 Ke3 57. Re5+ Be4 58. b4 d3 59. b5 Kd4 60. Rxe4+ Kd5 1-0

[Event "GBR-ch109 Over 65"]
[Site "Leicester"]
[Date "2023.07.29"]
[Round "6.8"]
[White "Bhopal, Rajinder S"]
[Black "Binks, Michael E"]
[Result "0-1"]
[WhiteElo "2021"]
[BlackElo "2140"]
[PlyCount "82"]
[EventDate "2023.07.24"]
[EventType "swiss"]
[EventRounds "7"]
[EventCountry "GBR"]
[SourceTitle "BritBase"]
[Source "John Saunders"]
[SourceDate "2025.01.31"]
[SourceVersion "1"]
[SourceVersionDate "2025.01.31"]
[SourceQuality "1"]

1. e4 c6 2. d4 d5 3. exd5 cxd5 4. Bd3 Nc6 5. c3 Nf6 6. Bf4 e6 7. Nf3 Bd6 8. Bxd6 Qxd6 9. O-O Ne4 10. Nbd2 f5 11. Re1 O-O 12. Ne5 Nxe5 13. dxe5 Qb6 14. Re2 Bd7 15. Qb3 Qc7 16. Nf3 a6 17. Qd1 Rab8 18. Rc1 Qa5 19. Bb1 Bb5 20. Re1 Rfc8 21. Nd4 Bd7 22. Re3 Qd8 23. Bxe4 dxe4 24. Qb3 Kh8 25. Nxe6 Qe7 26. Nd4 Qxe5 27. Rce1 Bc6 28. Nxc6 Rxc6 29. f3 b5 30. Qd1 Rd6 31. Qe2 Rbd8 32. Qf2 b4 33. fxe4 f4 34. R3e2 bxc3 35. bxc3 g5 36. c4 g4 37. Qh4 g3 38. h3 Rd1 39. Qg4 Qd4+ 40. Kh1 Qf2 41. Rxf2 Rxe1+ 0-1

[Event "GBR-ch109 Over 65"]
[Site "Leicester"]
[Date "2023.07.29"]
[Round "6.9"]
[White "Moore, Geoffrey R"]
[Black "Surtees, Michael J"]
[Result "1-0"]
[WhiteElo "1994"]
[BlackElo "2059"]
[PlyCount "73"]
[EventDate "2023.07.24"]
[EventType "swiss"]
[EventRounds "7"]
[EventCountry "GBR"]
[SourceTitle "BritBase"]
[Source "John Saunders"]
[SourceDate "2025.01.31"]
[SourceVersion "1"]
[SourceVersionDate "2025.01.31"]
[SourceQuality "1"]

1. e4 c6 2. d4 d5 3. e5 Bf5 4. h4 h5 5. Bd3 Bxd3 6. Qxd3 e6 7. Bg5 Qb6 8. Nd2 Ne7 9. Ngf3 Nd7 10. O-O c5 11. c4 Qa6 12. b3 f6 13. exf6 gxf6 14. Rfe1 fxg5 15. Nxg5 Rh6 16. Qh3 O-O-O 17. Nxe6 Nc6 18. Nxc5 Bxc5 19. dxc5 Qa5 20. Red1 d4 21. Ne4 Kb8 22. a3 Qc7 23. b4 Qf4 24. Qg3 Qxg3 25. Nxg3 Nf8 26. Nf5 Rg6 27. Kf1 Ne6 28. Re1 Rf8 29. Nd6 Nf4 30. g3 Nd3 31. Re8+ Rxe8 32. Nxe8 Nde5 33. Nd6 Rf6 34. Re1 Rf3 35. b5 Rxa3 36. bxc6 Nxc6 37. Nb5 1-0

[Event "GBR-ch109 Over 65"]
[Site "Leicester"]
[Date "2023.07.29"]
[Round "6.10"]
[White "Lawson, Maurice E"]
[Black "Kelly, Ian G"]
[Result "1-0"]
[WhiteElo "1972"]
[BlackElo "1987"]
[PlyCount "111"]
[EventDate "2023.07.24"]
[EventType "swiss"]
[EventRounds "7"]
[EventCountry "GBR"]
[SourceTitle "BritBase"]
[Source "John Saunders"]
[SourceDate "2025.01.31"]
[SourceVersion "1"]
[SourceVersionDate "2025.01.31"]
[SourceQuality "1"]

1. e4 d6 2. d4 Nf6 3. Nc3 g6 4. f3 c6 5. a4 Bg7 6. Be3 Qc7 7. Qd2 Nbd7 8. h4 e5 9. O-O-O O-O 10. g4 Re8 11. h5 Nf8 12. hxg6 fxg6 13. Nge2 a6 14. Ng3 b5 15. dxe5 dxe5 16. Bh6 Ne6 17. Bxg7 Qxg7 18. g5 Nd7 19. a5 Nd4 20. f4 Nf3 21. Qe3 exf4 22. Qxf3 fxg3 23. Qxg3 Ne5 24. Bh3 Bxh3 25. Qxh3 Ra7 26. Rd6 Rf7 27. Rhd1 Ref8 28. Qe6 Kh8 29. Rd8 h5 30. gxh6 Qxh6+ 31. Kb1 Qf4 32. Rxf8+ Rxf8 33. Qh3+ Kg7 34. Rh1 b4 35. Na2 c5 36. Qh7+ Kf6 37. Qb7 Rf7 38. Qxa6+ Kg7 39. Qa8 Rf8 40. Qd5 Rf7 41. Nc1 c4 42. Qa8 Rf8 43. Qb7+ Rf7 44. Qxb4 Qxe4 45. Re1 Qd5 46. Qc3 Rf5 47. b4 Kf7 48. a6 Nf3 49. Re3 Nd2+ 50. Kb2 Ne4 51. Qe1 c3+ 52. Ka1 Qc4 53. Rxe4 Qxa6+ 54. Kb1 Rf1 55. Qxc3 Qb7 56. Qc4+ 1-0